000
00246nam a22001097a 4500
999
_c
67019
_d
67016
082
_a
ATT
100
_a
Atta-ur-Rehman
245
_a
Science And Islam
260
_a
Karachi
_b
Khadim Ali Shah Bhukari Foundition
_c
1998
300
_a
176p
942
_c
BK